Dysregulation of Autonomic Cardiac Control by Traumatic Stress and Anxiety (Record no. 18410)
[ view plain ]
| 000 -LEADER | |
|---|---|
| fixed length control field | 00564nam a2200133Ia 4500 |
| 008 - FIXED-LENGTH DATA ELEMENTS--GENERAL INFORMATION | |
| fixed length control field | 220615s9999||||xx |||||||||||||| ||und|| |
| 022 ## - INTERNATIONAL STANDARD SERIAL NUMBER | |
| International Standard Serial Number | 16648714 |
| 100 ## - MAIN ENTRY--PERSONAL NAME | |
| Personal name | J. P. Ginsberg |
| 245 #0 - TITLE STATEMENT | |
| Title | Dysregulation of Autonomic Cardiac Control by Traumatic Stress and Anxiety |
| 546 ## - LANGUAGE NOTE | |
| Language note | English[eng] |
| 650 ## - SUBJECT ADDED ENTRY--TOPICAL TERM | |
| Topical term or geographic name entry element | traumatic stress||Autonomic Nervous System||Hrv biofeedback||cardiac psychology||Heart rate variability |
| 856 ## - ELECTRONIC LOCATION AND ACCESS | |
| Uniform Resource Identifier | <a href="http://journal.frontiersin.org/researchtopic/2443/dysregulation-of-autonomic-cardiac-control-by-traumatic-stress-and-anxiety">http://journal.frontiersin.org/researchtopic/2443/dysregulation-of-autonomic-cardiac-control-by-traumatic-stress-and-anxiety</a> |
| 942 ## - ADDED ENTRY ELEMENTS (KOHA) | |
| Koha item type | E-Books |
| Withdrawn status | Lost status | Damaged status | Not for loan | Home library | Current library | Date acquired | Total Checkouts | Date last seen | Price effective from | Koha item type |
|---|---|---|---|---|---|---|---|---|---|---|
| Kerala University of Digital Sciences, Innovation and Technology Knowledge Centre | Kerala University of Digital Sciences, Innovation and Technology Knowledge Centre | 15/06/2022 | 15/06/2022 | 15/06/2022 | E-Books |